Countries with Third and Fifth Consonants - Statistics

General Stats
  • This quiz has been taken 66 times
  • The average score is 64 of 71
Answer Stats
Hint Answer % Correct
25 Dominican Republic
100%
67 Turkmenistan
100%
1 Albania
95%
2 Algeria
95%
3 Andorra
95%
4 Angola
95%
5 Antigua and Barbuda
95%
10 Bahamas
95%
11 Bangladesh
95%
12 Belarus
95%
13 Belize
95%
21 Colombia
95%
23 Democratic Republic of the Congo
95%
33 Kazakhstan
95%
37 Lebanon
95%
41 Madagascar
95%
43 Malaysia
95%
48 Mozambique
95%
52 North Korea
95%
53 North Macedonia
95%
58 Republic of the Congo
95%
6 Argentina
90%
7 Armenia
90%
8 Australia
90%
9 Austria
90%
14 Bolivia
90%
16 Burundi
90%
19 Cape Verde
90%
20 Central African Republic
90%
22 Comoros
90%
24 Dominica
90%
28 Estonia
90%
32 Indonesia
90%
36 Kyrgyzstan
90%
39 Liberia
90%
40 Luxembourg
90%
44 Marshall Islands
90%
46 Monaco
90%
50 Nicaragua
90%
54 Pakistan
90%
55 Panama
90%
56 Paraguay
90%
59 Romania
90%
61 Seychelles
90%
63 Somalia
90%
65 Tajikistan
90%
69 Uzbekistan
90%
70 Vatican City
90%
71 Venezuela
90%
15 Botswana
85%
17 Cameroon
85%
18 Canada
85%
26 East TImor
85%
27 El Salvador
85%
30 Federated States of Micronesia
85%
31 Guyana
85%
38 Lesotho
85%
42 Malawi
85%
45 Mexico
85%
47 Morocco
85%
49 Namibia
85%
51 Nigeria
85%
60 Senegal
85%
62 Solomon Islands
85%
64 Suriname
85%
68 Tuvalu
85%
29 Eswatini
80%
34 Kiribati
80%
35 Kosovo
80%
57 Poland
80%
66 Tunisia
80%
No matching quizzes found
Score Distribution
Percent of People with Each Score
Percentile by Number Answered
Your Score History
You have not taken this quiz